Kovács Izsó
Elmentve itt :
| Dokumentumtípus: | Cikk |
|---|---|
| Megjelent: |
1926-05-12
|
| Sorozat: | Délmagyarország
2 No. 108 |
| Kulcsszavak: | Kovács Izsó, Gyászjelentés |
| Online Access: | http://dmarchiv.bibl.u-szeged.hu/37694 |
| LEADER | 00398nab a2200145 i 4500 | ||
|---|---|---|---|
| 001 | delm37694 | ||
| 005 | 20180927112926.0 | ||
| 008 | 180927s1926 hu o 0|| hun d | ||
| 040 | |a SZTE Délmagyarország Archívum |b hun | ||
| 041 | |a hun | ||
| 245 | 0 | 0 | |a Kovács Izsó |h [elektronikus dokumentum] |
| 260 | |c 1926-05-12 | ||
| 300 | |a 4 | ||
| 490 | 0 | |a Délmagyarország |v 2 No. 108 | |
| 695 | |a Kovács Izsó, Gyászjelentés | ||